00654nam a2200181 a 450000100100000000500170001000800410002702000150006804000250008310000250010824500970013324600330023026000350026330000310029850000210032995201050035099900170045500004309420201002040631.0140218s2006 xxkc 001 0 spa d a1904687628 aDO-SdBNPbspacBNPHU1 aBishop, Chris97061910aThe essential aircraft identification guide :bLuftwaffe squadrons 1939-45. /cChris Bishop.00aLuftwaffe squadrons 1939-45. aLondon, :bAmber Books,c2006. a192 p. :bretrs. ;c25 cm. aIncluye índice 001050718MOaGRbGRcCTd2014-02-18iLF1l0o p43094-10r2020-06-25w2020-06-25y1ZNo se presta c42583d42583